| 000 | 01331cad a22002415a 4500 | ||
|---|---|---|---|
| 001 | ABS63086 | ||
| 008 | 001020s20001014xxk f 000 0 eng d | ||
| 035 | _a(Sirsi) u108968 | ||
| 041 | 0 | _aeng | |
| 100 | 1 | _aEdge, J | |
| 245 | 0 | 0 | _a52 voices that sing in tune |
| 260 | _c2000 | ||
| 490 | 4 |
_aEstates Gazette _v(0041) 14 October 2000, 198-199(2) |
|
| 520 | _aIn June 2000, the International Valuation Standards Committee published its latest valuation guidelines as IVS 2000. In an attempt to achieve a harmonised approach to valuation it is now monitoring the key differences between its own guidelines and the main UK and US valuation standards. Before endorsing IVS 2000 other valuation standards authorities, such as the RICS and the Appraisal Institute, are seeking to ensure there are no fundamental differences between it and their own rules. The implication is that a common standard may not be far off. Includes a listing of the IVSC's objectives and a diagram of its standards structure. | ||
| 590 | _aABS | ||
| 610 | 2 | 4 |
_aInternational Valuation Standards Committee _93611 |
| 610 | 2 | 4 |
_aAppraisal Institute _92987 |
| 650 | 2 | 4 | _aRICS APPRAISAL AND VALUATION MANUAL |
| 650 | 2 | 4 | _aINTERNATIONAL VALUATION STANDARDS |
| 651 | 4 | _aInternational | |
| 690 | _aPROPERTY-PROPERTY APPRAISAL AND VALUATION | ||
| 942 | _n0 | ||
| 999 |
_c65074 _d65074 |
||